000 00528nam a2200181Ia 4500
008 140925s9999 xx 000 0 und d
020 _a1911-8074
100 _aCox, Raymond A.K.
245 _aJournal of Risk and Financial Management /
_cRaymond A.K. Cox.
_h[electronic resource]
260 _bMDPI AG,
_cc2014.
516 _aElectronic text
650 _aFinancial Management.
650 _aJournal.
830 _aMDPI AG
856 _uhttp://www.mdpi.com/journal/jrfm
942 _cEJ
999 _c275653
_d275653